000 00772nam a2200229 i 4500
001 37370
003 ES-MaACL
005 20230906155548.0
007 t|
008 030220s1982 mx ||||1| spa d
100 1 _aBueche, Frederick J.
_932340
245 1 0 _aTeoría y problemas de física general /
_cFrederick J. Bueche ; traducción Griselda Zetina Vélez ; revisión técnia Eduardo Ramirez Grycut.
250 _a2ª ed.
260 _aMéxico :
_bMcGraw-Hill,
_c[1982]
300 _a394 p. :
_bil. ;
_c27 cm.
490 1 _aSerie de Compendios Schaum
700 1 _aZetina Vélez, Griselda.
_9118210
700 1 _aRamirez Grycut, Eduardo.
_995152
830 0 _aSerie de Compendios Schaum
_9181142
852 _aES-MaACL
_jL-3060
_bR.103653
999 _c37370
_d37370